West Ham United Biggest Transfers - Statistics

General Stats
  • This quiz has been taken 95 times
    26 since last reset
  • The average score is 96 of 253
Answer Stats
% Correct
Arrivals Argentina ST 22 Carlos Tevez 06/07 Corinthians €14.60m
100%
Departures Argentina ST 25 Carlos Tevez 09/10 Manchester City €29.00m
100%
Departures Argentina ST 23 Carlos Tevez 07/08 Manchester United €12.70m
100%
Arrivals Brazil AM 25 Lucas Paquetá 22/23 Lyon €42.95m
100%
Arrivals Mexico DM 25 Edson Álvarez 23/24 Ajax €38.00m
94%
Arrivals DR Congo RB 26 Aaron Wan-Bissaka 24/25 Manchester United €17.60m
88%
Arrivals Italy ST 23 Gianluca Scamacca 22/23 Sassuolo €38.60m
88%
Departures Italy ST 24 Gianluca Scamacca 23/24 Atalanta €28.00m
88%
Arrivals England CM 28 James Ward-Prowse 23/24 Southampton €34.80m
88%
Arrivals England RW 23 Jarrod Bowen 19/20 Hull City €21.30m
88%
Arrivals France CB 26 Kurt Zouma 21/22 Chelsea €35.00m
88%
Arrivals Ghana RW 23 Mohammed Kudus 23/24 Ajax €43.00m
88%
Arrivals England ST 30 Danny Ings 22/23 Aston Villa €12.00m
82%
Arrivals Argentina DM 22 Javier Mascherano 06/07 Corinthians €14.60m
82%
Departures Argentina DM 24 Javier Mascherano 08/09 Liverpool €22.50m
82%
Departures Argentina DM 22 Javier Mascherano 06/07 Liverpool €2.00m
82%
Arrivals Germany ST 31 Niclas Füllkrug 24/25 Borussia Dortmund €27.00m
82%
Arrivals Ivory Coast ST 25 Sébastien Haller 19/20 Eintracht Frankfurt €50.00m
82%
Departures Ivory Coast ST 26 Sébastien Haller 20/21 Ajax €22.50m
82%
Arrivals Czech Republic DM 25 Tomáš Souček 20/21 Slavia Prague €16.20m
82%
Arrivals Czech Republic DM 24 Tomáš Souček 19/20 Slavia Prague €4.50m
82%
Arrivals Ghana ST 26 André Ayew 16/17 Swansea City €24.10m
76%
Departures Ghana ST 28 André Ayew 17/18 Swansea City €22.80m
76%
Arrivals England ST 24 Andy Carroll 13/14 Liverpool €17.50m
76%
Arrivals England ST 23 Andy Carroll 12/13 Liverpool €1.25m
76%
Arrivals Italy CB 27 Angelo Ogbonna 15/16 Juventus €11.00m
76%
Departures England DM 24 Declan Rice 23/24 Arsenal €116.60m
76%
Arrivals France AM 28 Dimitri Payet 15/16 Marseille €15.00m
76%
Departures France AM 29 Dimitri Payet 16/17 Marseille €29.30m
76%
Arrivals Italy LB 28 Emerson Palmieri 22/23 Chelsea €15.40m
76%
Arrivals Ecuador ST 24 Enner Valencia 14/15 Pachuca €15.00m
76%
Departures Ecuador ST 27 Enner Valencia 17/18 Tigres UANL €5.50m
76%
Arrivals Brazil RW 25 Felipe Anderson 18/19 Lazio €38.00m
76%
Departures Brazil RW 28 Felipe Anderson 21/22 Lazio €3.00m
76%
Arrivals Greece CB 25 Konstantinos Mavropanos 23/24 Stuttgart €20.00m
76%
Arrivals Austria ST 28 Marko Arnautović 17/18 Stoke City €22.30m
76%
Departures Austria ST 30 Marko Arnautović 19/20 Shanghai SIPG €25.00m
76%
Arrivals England CB 27 Maximilian Kilman 24/25 Wolverhampton Wanderers €47.50m
76%
Arrivals Spain AM 23 Pablo Fornals 19/20 Villarreal €28.00m
76%
Departures Spain AM 27 Pablo Fornals 23/24 Real Betis €8.00m
76%
Arrivals England CB 24 Richard Hall 96/97 Southampton €1.70m
76%
Arrivals Algeria LW 25 Saïd Benrahma 20/21 Brentford €23.10m
76%
Arrivals Algeria LW 25 Saïd Benrahma 20/21 Brentford €4.40m
76%
Departures Algeria LW 28 Saïd Benrahma 24/25 Lyon €14.40m
76%
Departures Algeria LW 28 Saïd Benrahma 23/24 Lyon €6.00m
76%
Arrivals France GK 29 Alphonse Areola 22/23 Paris Saint-Germain €9.30m
71%
Arrivals France GK 28 Alphonse Areola 21/22 Paris Saint-Germain €2.00m
71%
Arrivals Ukraine RW 28 Andriy Yarmolenko 18/19 Borussia Dortmund €20.00m
71%
Departures England CM 23 Frank Lampard 01/02 Chelsea €16.00m
71%
Arrivals Mexico ST 29 Javier Hernández 17/18 Bayer Leverkusen €17.80m
71%
Departures Mexico ST 31 Javier Hernández 19/20 Sevilla €7.75m
71%
Arrivals Germany CB 25 Thilo Kehrer 22/23 Paris Saint-Germain €12.00m
71%
Departures Germany CB 27 Thilo Kehrer 24/25 Monaco €11.00m
71%
Arrivals Czech Republic RB 28 Vladimír Coufal 20/21 Slavia Prague €6.00m
71%
Arrivals Wales LW 27 Craig Bellamy 07/08 Liverpool €11.25m
65%
Departures Wales LW 29 Craig Bellamy 08/09 Manchester City €15.50m
65%
Arrivals France CB 21 Issa Diop 18/19 Toulouse €25.00m
65%
Departures France CB 25 Issa Diop 22/23 Fulham €17.80m
65%
Arrivals France CB 25 Jean-Clair Todibo 25/26 Nice €40.00m
65%
Arrivals Poland GK 33 Łukasz Fabiański 18/19 Swansea City €8.00m
65%
Arrivals Jamaica ST 25 Michail Antonio 15/16 Nottingham Forest €9.50m
65%
Arrivals Morocco CB 26 Nayef Aguerd 22/23 Stade Rennais €35.00m
65%
Departures England CB 23 Anton Ferdinand 08/09 Sunderland €10.00m
59%
Arrivals Netherlands LW 22 Crysencio Summerville 24/25 Leeds United €29.30m
59%
Departures England CB 21 Elliott Ward 06/07 Coventry City €1.25m
59%
Arrivals Argentina AM 23 Manuel Lanzini 16/17 Al Jazira €12.00m
59%
Arrivals Ivory Coast LW 25 Maxwel Cornet 22/23 Burnley €20.70m
59%
Arrivals Croatia AM 23 Nikola Vlašić 21/22 CSKA Moscow €30.00m
59%
Departures Croatia AM 25 Nikola Vlašić 23/24 Torino €10.60m
59%
Departures England CB 22 Rio Ferdinand 00/01 Leeds United €26.00m
59%
Arrivals DR Congo LB 22 Arthur Masuaku 16/17 Olympiacos €7.10m
53%
Departures DR Congo LB 29 Arthur Masuaku 23/24 Beşiktaş €2.00m
53%
Arrivals England CB 31 Craig Dawson 21/22 Watford €2.30m
53%
Departures England CB 32 Craig Dawson 22/23 Wolverhampton Wanderers €3.75m
53%
Arrivals Senegal ST 25 Demba Ba 10/11 Hoffenheim €3.00m
53%
Arrivals Sweden RM 30 Freddie Ljungberg 07/08 Arsenal €4.50m
53%
Arrivals Portugal CB 33 José Fonte 16/17 Southampton €9.20m
53%
Departures Portugal CB 34 José Fonte 17/18 Dalian Yifang €5.57m
53%
Arrivals England DM 28 Kalvin Phillips 23/24 Manchester City €7.00m
53%
Arrivals Brazil RW 18 Luis Guilherme 24/25 Palmeiras €23.00m
53%
Arrivals England LM 29 Stewart Downing 13/14 Liverpool €5.80m
53%
Departures England LM 30 Stewart Downing 15/16 Midde €7.90m
53%
Arrivals Israel AM 25 Yossi Benayoun 05/06 Racing Santander €3.75m
53%
Departures Israel AM 27 Yossi Benayoun 07/08 Liverpool €7.30m
53%
Arrivals England LB 24 Aaron Cresswell 14/15 Ipswich Town €4.75m
47%
Arrivals England ST 22 Carlton Cole 06/07 Chelsea €3.00m
47%
Arrivals England ST 16 Jermain Defoe 99/00 Charlton Athletic €1.73m
47%
Departures England ST 21 Jermain Defoe 03/04 Tottenham Hotspur €10.50m
47%
Arrivals England AM 28 Jesse Lingard 20/21 Manchester United €2.30m
47%
Arrivals Portugal AM 25 João Mário 17/18 Inter Milan €1.20m
47%
Departures England AM 21 Joe Cole 03/04 Chelsea €9.90m
47%
Arrivals England GK 30 Joe Hart 17/18 Manchester City €2.30m
47%
Arrivals Italy ST 30 Paolo Di Canio 98/99 Sheffield Wednesday €2.23m
47%
Arrivals Czech Republic DM 23 Alex Král 21/22 Spartak Moscow €5.20m
41%
Arrivals Senegal DM 24 Cheikhou Kouyaté 14/15 Anderlecht €7.50m
41%
Departures Senegal DM 28 Cheikhou Kouyaté 18/19 Crystal Palace €10.70m
41%
Arrivals England DM 23 Flynn Downes 22/23 Swansea City €10.65m
41%
Departures England DM 25 Flynn Downes 24/25 Southampton €17.85m
41%
Departures England RB 18 Glen Johnson 03/04 Chelsea €8.30m
41%
Arrivals Spain ST 29 Lucas Pérez 18/19 Arsenal €4.40m
41%
Departures Spain ST 30 Lucas Pérez 19/20 Alavés €2.30m
41%
Arrivals Ireland ST 30 Robbie Keane 10/11 Tottenham Hotspur €1.20m
41%
Arrivals England GK 26 Robert Green 06/07 Norwich City €3.00m
41%
Arrivals Italy ST 25 Simone Zaza 16/17 Juventus €5.00m
41%
Arrivals New Zealand CB 22 Winston Reid 10/11 Midtjylland €4.20m
41%
Arrivals Ireland GK 32 Darren Randolph 19/20 Middlesbrough €4.70m
35%
Departures Ireland GK 30 Darren Randolph 17/18 middles €5.60m
35%
Arrivals England GK 30 David James 01/02 Aston Villa €4.80m
35%
Departures England GK 33 David James 03/04 Manchester City €2.80m
35%
Arrivals Senegal ST 24 Diafra Sakho 14/15 Metz €5.00m
35%
Departures Senegal ST 28 Diafra Sakho 17/18 Stade Rennais €5.00m
35%
Arrivals Switzerland CM 20 Edimilson Fernandes 16/17 Sion €6.40m
35%
Departures Switzerland CM 23 Edimilson Fernandes 19/20 Mainz €7.50m
35%
Arrivals Paraguay CB 26 Fabián Balbuena 18/19 Corinthians €4.00m
35%
Arrivals England AM 29 Kevin Nolan 11/12 Newcastle United €3.40m
35%
Arrivals Cameroon CB 24 Rigobert Song 00/01 Liverpool €4.17m
35%
Departures Cameroon CB 25 Rigobert Song 01/02 Köln €1.00m
35%
Arrivals Scotland RW 29 Robert Snodgrass 16/17 Hull City €12.00m
35%
Arrivals England CM 26 Scott Parker 07/08 Newcastle United €10.25m
35%
Departures England CM 30 Scott Parker 11/12 Tottenham Hotspur €5.75m
35%
Arrivals Switzerland DM 23 Valon Behrami 08/09 Lazio €6.30m
35%
Departures Switzerland DM 25 Valon Behrami 10/11 Fiorentina €2.00m
35%
Arrivals Switzerland ST 22 Albian Ajeti 19/20 Basel €11.30m
29%
Departures Switzerland ST 23 Albian Ajeti 20/21 Celtic €5.50m
29%
Arrivals South Africa ST 32 Benni McCarthy 09/10 Blackburn Rovers €2.60m
29%
Departures England ST 19 Divin Mubama 24/25 Manchester City €1.40m
29%
Arrivals Turkey RW 24 Gökhan Töre 16/17 Beşiktaş €3.00m
29%
Departures DR Congo RW 22 Grady Diangana 20/21 West Bromwich Albion €13.50m
29%
Departures Norway DM 27 Håvard Nordtveit 17/18 Hoffenheim €8.00m
29%
Departures England CB 27 James Tomkins 16/17 Crystal Palace €11.70m
29%
Arrivals France RB 24 Julien Faubert 07/08 Bordeaux €9.15m
29%
Departures France RB 25 Julien Faubert 08/09 Real Madrid €1.50m
29%
Arrivals Portugal LM 29 Luís Boa Morte 06/07 Fulham €6.80m
29%
Arrivals England CB 27 Matthew Upson 06/07 Birmingham City €12.60m
29%
Departures England DM 23 Michael Carrick 04/05 Tottenham Hotspur €4.10m
29%
Arrivals Croatia ST 30 Nikica Jelavić 15/16 Hull City €4.10m
29%
Departures Croatia ST 30 Nikica Jelavić 15/16 Beijing Renhe €1.12m
29%
Arrivals Costa Rica ST 22 Paulo Wanchope 99/00 Derby County €5.35m
29%
Departures Costa Rica ST 24 Paulo Wanchope 00/01 Manchester City €5.60m
29%
Departures England CB 20 Reece Oxford 19/20 Augsburg €2.00m
29%
Arrivals England LB 22 Sam Byram 15/16 Leeds United €4.80m
29%
Departures Algeria RW 27 Sofiane Feghouli 17/18 Galatasaray €4.25m
29%
Arrivals Scotland CM 23 Andy Irving 23/24 Austria Klagenfurt €1.76m
24%
Departures England ST 21 Ashley Fletcher 17/18 Middlesbrough €7.30m
24%
Departures England ST 27 Bobby Zamora 08/09 Fulham €4.10m
24%
Arrivals Mali ST 22 Frédéric Kanouté 00/01 Lyon €5.63m
24%
Departures Mali ST 25 Frédéric Kanouté 03/04 Tottenham Hotspur €5.25m
24%
Arrivals Northern Ireland LB 25 George McCartney 06/07 Sunderland €1.63m
24%
Departures Northern Ireland LB 27 George McCartney 08/09 Sunderland €5.50m
24%
Arrivals Argentina ST 22 Jonathan Calleri 16/17 Deportivo Maldonado €4.70m
24%
Arrivals England ST 25 Jordan Hugill 17/18 Preston North End €10.20m
24%
Departures England ST 28 Jordan Hugill 20/21 Norwich City €3.30m
24%
Departures Argentina ST 28 Mauro Zárate 15/16 Fiorentina €2.10m
24%
Arrivals England LB 24 Paul Konchesky 05/06 Charlton Athletic €2.25m
24%
Departures England LB 26 Paul Konchesky 07/08 Fulham €4.00m
24%
Arrivals Equatorial Guinea CM 23 Pedro Obiang 15/16 Sampdoria €6.00m
24%
Departures Equatorial Guinea CM 27 Pedro Obiang 19/20 Sassuolo €7.75m
24%
Arrivals Italy AM 26 Alessandro Diamanti 09/10 Livorno €6.80m
18%
Departures Italy AM 27 Alessandro Diamanti 10/11 Brescia €2.20m
18%
Arrivals France DM 31 Alou Diarra 12/13 Marseille €2.50m
18%
Departures Ireland CM 23 Conor Coventry 23/24 Charlton Athletic €1.16m
18%
Arrivals Wales CB 25 Danny Gabbidon 05/06 Cardiff City €2.00m
18%
Arrivals England ST 22 Dean Ashton 05/06 Norwich City €10.89m
18%
Departures Scotland RB 21 Harrison Ashby 22/23 Newcastle United €3.40m
18%
Arrivals Wales CB 28 James Collins 12/13 Aston Villa €3.20m
18%
Arrivals Wales CB 21 James Collins 05/06 Cardiff City €2.00m
18%
Departures Wales CB 26 James Collins 09/10 Aston Villa €5.70m
18%
Arrivals Wales ST 21 John Hartson 96/97 Arsenal €5.00m
18%
Departures Wales ST 23 John Hartson 98/99 Wimbledon €11.25m
18%
Arrivals Australia CB 28 Lucas Neill 06/07 Blackburn Rovers €2.30m
18%
Departures England ST 27 Marlon Harewood 07/08 Aston Villa €5.50m
18%
Arrivals England LW 26 Matt Jarvis 12/13 Wolverhampton Wanderers €9.50m
18%
Departures England LW 29 Matt Jarvis 15/16 Norwich City €3.40m
18%
Arrivals England ST 25 Nicky Maynard 11/12 Bristol City €2.00m
18%
Departures England ST 25 Nicky Maynard 12/13 Cardiff City €3.15m
18%
Departures England DM 23 Nigel Reo-Coker 07/08 Aston Villa €12.50m
18%
Departures England CB 21 Reece Burke 18/19 Hull City €1.70m
18%
Arrivals England ST 22 Sam Baldock 11/12 Milton Keynes Dons €2.80m
18%
Departures England ST 23 Sam Baldock 12/13 Bristol City €1.90m
18%
Arrivals Montenegro LW 18 Sead Hakšabanović 17/18 Halmstads €3.00m
18%
Departures Montenegro LW 21 Sead Hakšabanović 19/20 Norrköping €2.60m
18%
Arrivals Croatia CB 27 Slaven Bilić 95/96 Karlsruher €1.65m
18%
Arrivals Northern Ireland CM 23 Steve Lomas 96/97 Manchester City €2.40m
18%
Arrivals Guinea ST 28 Titi Camara 00/01 Liverpool €3.30m
18%
Arrivals Czech Republic CB 27 Tomáš Řepka 01/02 Fiorentina €8.25m
18%
Departures England ST 23 Tony Cottee 88/89 Everton €3.45m
18%
Departures England ST 31 Tony Cottee 96/97 Selangor €1.13m
18%
Arrivals England LW 24 Trevor Sinclair 97/98 Queens Park Rangers €3.05m
18%
Departures England LW 30 Trevor Sinclair 03/04 Manchester City €3.75m
18%
Arrivals Portugal LW 21 Xande Silva 18/19 Vitória Guimarães €1.50m
18%
Arrivals England CB 24 Calum Davenport 06/07 Tottenham Hotspur €4.20m
12%
Arrivals Scotland CB 27 Christian Dailly 00/01 Blackburn Rovers €2.82m
12%
Departures Portugal AM 18 Domingos Quina 18/19 Watford €1.10m
12%
Arrivals Scotland ST 29 Frank McAvennie 89/90 Celtic €1.80m
12%
Departures Scotland ST 27 Frank McAvennie 87/88 Celtic €1.13m
12%
Arrivals Denmark CB 21 Frederik Alves 20/21 Silkeborg €1.60m
12%
Departures Denmark CB 22 Frederik Alves 21/22 Brøndby €1.00m
12%
Arrivals England CM 27 Gary O'Neil 10/11 Middlesbrough €2.90m
12%
Arrivals Portugal CB 18 Gonçalo Cardoso 19/20 Boavista €3.00m
12%
Departures England DM 29 Hayden Mullins 08/09 Portsmouth €2.30m
12%
Arrivals DR Congo LB 27 Hérita Ilunga 09/10 Toulouse €3.50m
12%
Arrivals Ghana RB 25 John Paintsil 06/07 Hapoel Tel Aviv €1.50m
12%
Departures Ghana RB 27 John Paintsil 08/09 Fulham €3.80m
12%
Arrivals England LB 26 Julian Dicks 94/95 Liverpool €1.50m
12%
Departures England LB 25 Julian Dicks 93/94 Liverpool €2.25m
12%
Arrivals England RM 28 Kieron Dyer 07/08 Newcastle United €12.00m
12%
Departures England LM 27 Matthew Etherington 08/09 Stoke City €3.00m
12%
Arrivals England LM 29 Matt Taylor 11/12 Bolton Wanderers €2.50m
12%
Arrivals Mali ST 24 Modibo Maïga 12/13 Sochaux €6.00m
12%
Departures Mali ST 27 Modibo Maïga 15/16 Al-Nassr €4.00m
12%
Departures Senegal CM 27 Mohamed Diamé 14/15 Hull City €4.40m
12%
Departures England GK 25 Nathan Trott 24/25 København €1.50m
12%
Arrivals Scotland CM 28 Nigel Quashie 06/07 West Bromwich Albion €2.25m
12%
Arrivals Mexico RW 23 Pablo Barrera 10/11 Pumas UNAM €4.80m
12%
Departures England CM 21 Paul Ince 89/90 Manchester United €1.50m
12%
Arrivals Czech Republic DM 29 Radoslav Kováč 09/10 Spartak Moscow €3.80m
12%
Arrivals Germany RW 19 Savio Nsereko 08/09 Brescia €8.50m
12%
Departures Germany RW 20 Savio Nsereko 09/10 Fiorentina €6.20m
12%
Arrivals Spain ST 19 Toni Martínez 16/17 Valencia €3.00m
12%
Arrivals England RB 25 Andy Impey 97/98 Queens Park Rangers €1.68m
6%
Departures England RB 27 Andy Impey 98/99 Leicester City €3.10m
6%
Departures England LB 24 David Unsworth 98/99 Aston Villa €4.60m
6%
Arrivals Canada CB 21 Doneil Henry 14/15 Apollon Limassol €1.90m
6%
Arrivals Scotland AM 30 Don Hutchison 01/02 Sunderland €7.50m
6%
Arrivals Scotland AM 23 Don Hutchison 94/95 Liverpool €2.25m
6%
Departures Scotland AM 24 Don Hutchison 95/96 Sheffield United €1.80m
6%
Arrivals Israel AM 25 Eyal Berkovic 97/98 Maccabi Haifa €2.70m
6%
Departures Israel AM 27 Eyal Berkovic 99/00 Celtic €8.80m
6%
Arrivals England CB 23 Ian Pearce 97/98 Blackburn Rovers €3.60m
6%
Departures England CB 29 Ian Pearce 03/04 Fulham €1.60m
6%
Arrivals Romania LW 27 Ilie Dumitrescu 95/96 Tottenham Hotspur €1.50m
6%
Arrivals England LW 23 Joey Beauchamp 94/95 Oxford United €1.40m
6%
Departures England LW 23 Joey Beauchamp 94/95 Swindon Town €1.00m
6%
Departures England LW 21 Junior Stanislas 11/12 Burnley €1.35m
6%
Arrivals Morocco CB 23 Manuel da Costa 09/10 Fiorentina €2.70m
6%
Departures Morocco CB 25 Manuel da Costa 11/12 Lokomotiv Moscow €1.50m
6%
Arrivals Denmark CB 27 Marc Rieper 95/96 Brøndby €1.70m
6%
Arrivals Cameroon DM 23 Marc-Vivien Foé 98/99 Lens €6.00m
6%
Departures Cameroon DM 25 Marc-Vivien Foé 00/01 Lyon €9.00m
6%
Departures England LM 26 Matty Holmes 95/96 Blackburn Rovers €1.50m
6%
Departures Northern Ireland AM 26 Michael Hughes 97/98 Wimbledon €2.00m
6%
Arrivals England ST 26 Paul Kitson 96/97 Newcastle United €3.50m
6%
Arrivals France DM 19 Pierre Ekwah 21/22 Chelsea €1.40m
6%
Arrivals England LB 27 Scott Minto 98/99 Benfica €1.50m
6%
Departures Australia LM 26 Stan Lazaridis 99/00 Birmingham City €2.25m
6%
Departures Bulgaria ST 23 Svetoslav Todorov 01/02 Portsmouth €1.13m
6%
Arrivals Slovakia LB 27 Vladimír Labant 01/02 Sparta Prague €1.40m
6%
Departures Finland CM 17 Daniel Sjölund 00/01 Liverpool €1.50m
0%
Arrivals Romania ST 26 Florin Răducioiu 96/97 Espanyol €1.60m
0%
Arrivals Norway CB 21 Ragnvald Soma 00/01 Bryne €1.22m
0%
Arrivals Scotland LB 20 Stephen Hendrie 15/16 Hamilton Academical €1.30m
0%
Arrivals England RB 23 Tyrone Mears 06/07 Preston North End €1.50m
0%
Departures England RB 23 Tyrone Mears 06/07 Derby County €1.50m
0%
No matching quizzes found
Score Distribution
Percent of People with Each Score
Percentile by Number Answered
Your Score History
You have not taken this quiz since the last reset